000 00650nam a2200277Ia 4500
003 EC-GqESP
005 20251105153016.0
008 250425s9999 xx 000 0 und d
010 _a53327
020 _a958820304X
041 _aspa
043 _ack
082 _a630
_pGRU
110 _aGRUPO LATINO
245 0 _aVOLVAMOS AL CAMPO: MANUAL DEL GANADERO ACTUAL (TOMO 1)
250 _aS.E.
260 _aBOGOTA
260 _aColombia
_bGRUPO LATINO
_c2004
300 _a620
650 _aGANADO BOVINO
650 _aGANADO DE CARNE
650 _aGANADO LECHERO
650 _aGANADO, CRIA DE
650 _aVACUNAS
942 _c01
999 _c223438
_d223438